Textbook of Applied Anatomy and Applied Physiology (Record no. 1686)

MARC details
000 -LEADER
Fixed length control field 00668nam a22002297a 4500
003 - CONTROL NUMBER IDENTIFIER
Control field IIN
005 - DATE AND TIME OF LATEST TRANSACTION
Control field 20250324155206.0
008 - FIXED-LENGTH DATA ELEMENTS--GENERAL INFORMATION
Fixed length control field 250324b |||ad||| |||| 001 0 eng d
020 ## - INTERNATIONAL STANDARD BOOK NUMBER / ISBN
International Standard Book Number 9789393885463
Price Rs.1395.00
040 ## - CATALOGING SOURCE
Original cataloging agency IIN
082 ## - DEWEY DECIMAL CLASSIFICATION NUMBER
Classification number 612
Book Number KAR
100 ## - MAIN ENTRY--PERSONAL NAME
Personal name Kariappa, Mini
245 ## - TITLE STATEMENT
Title Textbook of Applied Anatomy and Applied Physiology
Sub title For B.Sc. Nursing 1st Semester
Statement of responsibility Mini Kariappa and Lily Pushpam
260 ## - IMPRINT
Place of publication Bengaluru
Name of publisher EMMESS
Date of publication 2024
300 ## - PHYSICAL DESCRIPTION
Page / Vol. No viii, 528 p.
Other physical details col. ill.
500 ## - GENERAL NOTE
General note Includes Index
650 ## - SUBJECT ADDED ENTRY--TOPICAL TERM
Topical term Anatomy
Form subdivision Medical
650 ## - SUBJECT ADDED ENTRY--TOPICAL TERM
Topical term Physiology
Form subdivision Medical
700 ## - ADDED ENTRY--PERSONAL NAME
Personal name Pushpam, Lily
856 ## - ELECTRONIC LOCATION AND ACCESS
Uniform Resource Identifier www.emmessmedpub.com
942 ## - ADDED ENTRY ELEMENTS (KOHA)
Koha item type Books
Holdings
Withdrawn status Lost status Source of classification Damaged status Not for loan Collection code Home library Current library Shelving location Date acquired Price Total Checkouts Call number Accession number Date last seen Copy number Price effective from Koha item type
    Dewey Decimal Classification     Purches Book IDEAL INSTITUTE OF NURSING IDEAL INSTITUTE OF NURSING General Stacks 11/03/2025 1395.00   612 KAR 1792 24/03/2025 1 24/03/2025 Books
    Dewey Decimal Classification     Purches Book IDEAL INSTITUTE OF NURSING IDEAL INSTITUTE OF NURSING General Stacks 11/03/2025 1395.00   612 KAR 1793 24/03/2025 2 24/03/2025 Books
    Dewey Decimal Classification     Purches Book IDEAL INSTITUTE OF NURSING IDEAL INSTITUTE OF NURSING General Stacks 11/03/2025 1395.00   612 KAR 1794 24/03/2025 3 24/03/2025 Books
© Ideal Institute Of Nursing, All rights reserved.         Powered by Koha